| 000 | 00371nam a22001451a 4500 | ||
|---|---|---|---|
| 020 | _a9788176901994 | ||
| 082 |
_aM 305.512 209 54 _bMAD/S |
||
| 100 | _aMadhavan E | ||
| 245 |
_aSwathanthrasamudayam/ _cby Madhavan E |
||
| 260 |
_aThrissur: _bKerala Sahitya Academi, _c2011. |
||
| 300 | _a186p. | ||
| 650 | _aCaste System India | ||
| 650 | _aSocial Sciences | ||
| 942 | _cBK | ||
| 999 |
_c45685 _d45685 |
||